000 00285nam a2200121Ia 4500
100 _aUSMANIA VIDYAPITH SUCHI
942 _cBK
366 _f50
245 _aHYDRABADCHI MARATHI HASTALIKHITE
260 _bRAJYA MARATHI VIKAS SANSTHA
_aMumbai
_c1999
300 _a166
546 _aMARATHI
999 _c20577
_d20577